[Event "Shanghai COITCT 2019"]
[Site "Shanghai"]
[Date "2019.09.18"]
[Round "9.5"]
[White "Kurbonboeva, Sarvinoz"]
[Black "Khan, Mohd. Omer"]
[Result "1-0"]
[WhiteElo "2262"]
[BlackElo "2273"]
[Annotator "TA"]
[PlyCount "123"]
[EventDate "2019.09.15"]
[EventType "team-tourn"]
[EventCountry "CHN"]
[SourceTitle "playchess.com"]
[Source "ChessBase"]
[SourceQuality "1"]

{[%evp 18,123,19,14,30,25,74,76,68,68,75,75,69,67,68,27,28,43,210,209,412,399,425,419,468,449,457,459,440,406,484,485,486,469,465,439,458,390,519,520,561,517,512,489,535,523,531,500,572,494,516,477,720,573,556,540,614,612,610,606,569,461,757,752,734,724,845,603,606,598,655,569,768,660,653,639,727,736,742,727,793,783,798,798,902,800,762,754,965,949,1202,1150,2000,1838,3908,2806,2506,2506,2041,1977,29962,29962,8727,10998,29982,29983,29985,29984]} 1. d4 c6 2. Nf3 d5 3. g3 Bg4 4. Bg2 e6 5. O-O Nd7 6. Nbd2 Ngf6 7. c4 Be7 8. Re1 O-O 9. e4 dxe4 10. Nxe4 Bb4 {D02: 1 d4 d5 2 Nf3 sidelines, including 2...Nf6 3 g3 and 2...Nf6 3 Bf4} (10... Nxe4 11. Rxe4 Nf6 12. Re1 Qb6 13. Be3 Rad8 14. Qc2 c5 15. dxc5 Bxc5 16. Ne5 Bf5 17. Qb3 Bxe3 18. Rxe3 {½-½ (33) Shyam,N (2411)-Swapnil,S (2474) Chennai 2013}) 11. Bd2 (11. Nc3 {looks sharper.} c5 12. Qb3 a5 13. a3 a4 14. Qa2) 11... Qa5 12. Nxf6+ Nxf6 {White is better.} 13. Re5 Qb6 $146 ({Predecessor:} 13... b5 14. Qe1 Bxd2 15. Nxd2 Rad8 16. cxb5 cxb5 17. Nb3 Qxe1+ 18. Raxe1 {½-½ (33) Koehler,P (2226)-Esswein,K (2100) Germany 2003}) 14. c5 Qa5 15. Bg5 $36 {[%mdl 2048] [#] Strongly threatening a3. Black is under pressure.} Qd8 16. Qb3 (16. Re4 {is interesting.} Bf5 17. Rf4 Ba5 18. g4 Bg6 19. Ne5) 16... Bxf3 17. Bxf3 Qxd4 $2 (17... Ba5 $1 $14) 18. Bxf6 $1 $18 gxf6 $2 (18... Bxc5 19. Rd1 Qxf2+ 20. Kh1 Be3 21. Qxe3 Qxe3 22. Rxe3 gxf6) 19. Re4 Qxc5 20. Rxb4 b6 21. Rc4 Qf5 22. Bxc6 Rad8 23. Be4 Qh5 24. Bf3 Qe5 25. Re4 Qc5 26. Rd1 f5 27. Ree1 Rxd1 28. Rxd1 Qe5 29. Qc2 b5 30. Qe2 Qc5 31. Qd2 Qe7 32. Qd7 Qb4 33. Qd4 Qe7 34. b3 Qa3 (34... b4 $142 35. Qf4 a5) 35. Qd2 Qe7 36. Qd7 Qa3 37. Rd2 a5 38. Kg2 Qc5 39. Qc6 Qb4 (39... Qxc6 $142 40. Bxc6 Rb8) 40. Rd7 a4 41. bxa4 Qxa4 42. Rd2 Qa5 43. Rb2 b4 44. Qd6 e5 45. Qxb4 Qxb4 46. Rxb4 {[%mdl 4096] Endgame KRB-KR} e4 47. Be2 Ra8 48. Bc4 Ra7 49. Rb5 Kg7 50. Rxf5 Kg6 51. g4 f6 52. Rf4 Kg5 53. Rxe4 h5 54. gxh5 Kxh5 {[#]} 55. a4 $1 f5 (55... Rxa4 56. Be2+) 56. Rd4 Kg5 57. h4+ Kf6 58. Bb5 Ke5 59. Rd7 Ra8 60. h5 Kf4 61. h6 Rh8 62. h7 {Accuracy: White = 84%, Black = 22%.} 1-0

[Event "Shanghai COITCT 2019"]
[Site "Shanghai"]
[Date "2019.09.18"]
[Round "9.6"]
[White "Waqar, Ahmad Madni"]
[Black "Baymuratova, Sevara"]
[Result "0-1"]
[WhiteElo "1979"]
[BlackElo "2126"]
[Annotator "TA"]
[PlyCount "66"]
[EventDate "2019.09.15"]
[EventType "team-tourn"]
[EventCountry "CHN"]
[SourceTitle "playchess.com"]
[Source "ChessBase"]
[SourceQuality "1"]

{[%evp 20,66,64,5,74,0,9,0,32,27,40,16,19,7,98,103,105,0,-20,-103,-104,-223,-214,-244,-70,-325,-166,-564,-567,-559,-562,-560,-587,-579,-596,-658,-654,-657,-650,-648,-646,-719,-709,-730,-720,-938,-935,-907,-894]} 1. e4 c5 2. Nf3 d6 3. d4 cxd4 4. Nxd4 Nf6 5. Nc3 a6 6. Be2 e5 7. Nb3 Be7 8. Be3 O-O 9. g4 Be6 10. g5 Nfd7 11. Qd2 ({Better is} 11. h4 $1 $14) 11... b5 {B92: Sicilian Najdorf: 6 Be2} (11... a5 $1 $11) (11... Nb6 12. Nd5 Nxd5 13. exd5 Bf5 14. f4 Nd7 15. fxe5 Nxe5 16. Rf1 Be4 17. Rf4 Bg6 18. h4 Rc8 19. Nd4 {1-0 (64) Karjakin,S (2773)-Duda,J (2737) chess.com INT 2018}) 12. a3 $146 (12. h4 $16) ({Predecessor:} 12. O-O-O Nc5 13. Nxc5 dxc5 14. Nd5 Nc6 15. Kb1 Nd4 16. c3 Bxd5 17. exd5 Nxe2 18. Qxe2 c4 19. Rhg1 {1-0 (42) Yandarbiev,R (2314)-Kizatbay,A (2205) Prague 2018}) 12... Nb6 $11 13. Na5 Qc7 {The position is equal.} 14. O-O-O N8d7 15. Kb1 Rfc8 16. h4 Nc4 (16... Nc5 $11) 17. Nxc4 $16 bxc4 18. Nd5 (18. f4 $16 {f5 is the strong threat.} exf4 19. Bxf4) 18... Bxd5 $1 $11 19. Qxd5 {[#]} (19. exd5 $11 {remains equal.} Nc5 20. c3) 19... Rab8 $1 $17 20. c3 (20. Ka1 $17) 20... Rb5 $19 21. Qd2 Rcb8 $2 (21... d5 $19 {Hoping for ...Bxa3.} 22. b4 {[#]} d4 $1 {[%mdl 512]}) 22. Rc1 $2 {[%mdl 8192]} (22. b4 $15) 22... Qb7 (22... Rxb2+ $142 23. Qxb2 Rxb2+ 24. Kxb2 Qb7+ 25. Ka1 Qxe4) 23. Rc2 $2 (23. b4 {nothing else works.} cxb3 24. Bxb5 Qxb5 25. Kb2) 23... Qxe4 {Strongly threatening ...Rxb2+.Black is clearly winning.} 24. Ka2 Qxh1 25. Bxc4 Qxh4 26. Bxb5 axb5 27. f4 exf4 28. Bxf4 Ne5 29. Qd4 Ng6 30. Qa7 Rd8 (30... Nxf4 $2 31. Qxb8+ Bf8 32. Qxb5 $17) 31. Rf2 h6 32. gxh6 Nxf4 33. Qd4 Ne6 {Accuracy: White = 19%, Black = 25%.} 0-1

[Event "Shanghai COITCT 2019"]
[Site "Shanghai"]
[Date "2019.09.18"]
[Round "9.7"]
[White "Zvjaginsev, Vadim"]
[Black "Venkatesh, M.R."]
[Result "1-0"]
[WhiteElo "2644"]
[BlackElo "2481"]
[Annotator "TA"]
[PlyCount "87"]
[EventDate "2019.09.15"]
[EventType "team-tourn"]
[EventCountry "CHN"]
[SourceTitle "playchess.com"]
[Source "ChessBase"]
[SourceQuality "1"]

{[%evp 9,87,0,0,-6,4,2,18,22,10,20,29,-11,-14,-4,-3,0,23,19,29,25,58,52,50,42,104,102,102,79,89,85,88,83,89,66,54,56,65,63,66,39,62,33,101,101,132,123,179,173,174,171,173,182,224,230,270,282,291,291,433,442,492,458,562,580,551,528,869,847,822,822,29984,29985,29988,29989,29989,29990,29994,29995,29996,29994]} 1. e4 e5 2. Nf3 Nc6 3. g3 Nf6 4. d3 Bc5 5. Bg2 d6 6. c3 {C44: Ponziani Opening and Scotch Gambit} (6. O-O h6 7. Nc3 a6 8. Be3 O-O 9. Bxc5 dxc5 10. Nd2 b5 11. a4 Rb8 12. axb5 axb5 13. Nd5 Be6 14. Ne3 Qd7 15. Nf3 Rfd8 16. b3 Ra8 17. Re1 g6 {0-1 (37) Naiditsch,A (2696)-Vidit,S (2669) Baku 2016}) 6... a6 7. O-O Ba7 8. Na3 {[%cal Bb1a3,Ba3c2,Bc2e3,Be3g4][%mdl 32] The position is equal.} O-O 9. Nc2 h6 10. h3 Be6 11. Be3 $146 ({Predecessor:} 11. Kh2 d5 12. Qe2 Re8 13. Be3 Bxe3 14. Qxe3 {½-½ (24) Boros,D (2310)-Titan,M (2225) Hungary 2015}) 11... Bxe3 12. Nxe3 d5 13. exd5 Nxd5 14. Re1 Nde7 15. Ng4 f6 16. d4 h5 (16... Qe8 $14) 17. Ngh2 $16 Ng6 {[#]} 18. Nxe5 $1 {[%mdl 512]} Ngxe5 (18... Ncxe5 19. Qxh5) 19. dxe5 Qxd1 20. Raxd1 fxe5 21. Nf3 Bxa2 22. Nxe5 Nxe5 23. Rxe5 c6 $1 24. Rxh5 Rae8 25. Rd2 Re1+ ({Black should play} 25... Rd8 $1 $14 26. Rxd8 Rxd8) 26. Kh2 Rfe8 27. Rh4 R8e7 (27... R1e2 $16 28. Rhd4 Kf7) 28. Rhd4 $18 Bb3 29. g4 a5 30. h4 a4 31. h5 R1e5 32. f4 Re2 33. Kg3 c5 (33... R7e3+ $142 34. Kh4 Kf7) 34. Rd8+ Kf7 35. f5 Rxd2 36. Rxd2 {[%mdl 4096] Endgame KRB-KRB} b5 {Now ...b4 and Black clings on.} 37. g5 b4 38. g6+ Kf6 39. Kf4 Ra7 {[#]} 40. h6 $1 {[%mdl 576] Promotion. White mates.} gxh6 41. Rd6+ Ke7 42. Ke5 Ke8 43. Bc6+ Kf8 44. Kf6 {Played: f5-f6} 1-0

[Event "Shanghai COITCT 2019"]
[Site "Shanghai"]
[Date "2019.09.18"]
[Round "9.8"]
[White "Krishna C R G"]
[Black "Kobalia, Mikhail"]
[Result "0-1"]
[WhiteElo "2446"]
[BlackElo "2608"]
[Annotator "TA"]
[PlyCount "78"]
[EventDate "2019.09.15"]
[EventType "team-tourn"]
[EventCountry "CHN"]
[SourceTitle "playchess.com"]
[Source "ChessBase"]
[SourceQuality "1"]

{[%evp 13,78,10,39,-6,36,45,48,36,45,24,40,37,48,37,53,40,53,49,41,0,76,11,76,0,87,51,68,61,66,59,60,37,37,33,33,31,35,26,54,40,33,0,0,0,0,0,0,-22,-11,-25,0,-29,0,-268,-255,-473,-462,-1300,-1220,-29993,-29994,-29994,-29995,-29995,-29996,-29996,-29997]} 1. d4 d5 2. c4 c6 3. Nf3 Nf6 4. e3 a6 5. Bd3 Bg4 6. Nbd2 e6 7. Qc2 Nbd7 8. O-O {D11: Slav Defence: 3 Nf3 sidelines and 3...Nf6 4 e3 Bg4} Be7 9. b3 Bh5 10. Bb2 {White is slightly better.} Bg6 11. Rad1 (11. Bxg6 hxg6 12. e4 dxe4 13. Nxe4 Qa5 14. Rfe1 Qf5 15. Nxf6+ Nxf6 {0-1 (58) Narciso Dublan,M (2524)-Ivanchuk,V (2726) Linares 2014}) 11... O-O 12. Bxg6 hxg6 13. Rfe1 $146 ({Predecessor:} 13. e4 dxe4 14. Nxe4 {1-0 (64) Lund,S (2420)-Glud,J (2456) Bodsmot 2008}) 13... Qa5 14. a3 b5 15. Bc3 Qb6 ({Wrong is} 15... Qxa3 $2 16. c5 $18) 16. a4 (16. c5 $5 {[%cal Rc5b6]} Qc7 17. b4 $14) 16... Rab8 (16... dxc4 $11 {remains equal.} 17. bxc4 b4) 17. Rb1 ({Better is} 17. c5 $16 Qb7 18. b4) 17... Rfd8 (17... dxc4 $11 18. bxc4 b4) 18. h3 (18. c5 $16 Qb7 19. b4) 18... Bf8 (18... dxc4 $11 19. bxc4 b4) 19. Ng5 Be7 20. Ndf3 Nh7 21. Nxh7 Kxh7 22. e4 dxe4 23. Qxe4 Kg8 24. Bd2 Nf6 25. Qc2 Rbc8 26. Ra1 {Threatens to win with axb5.} Qb7 27. Bc3 c5 28. axb5 axb5 29. Ba5 Rd7 30. dxc5 Bxc5 31. Ne5 Rd6 32. cxb5 Bd4 (32... Rd5 $5 {[%cal Rd5e5]} 33. Nc6 Rf5 $11) 33. Nc4 $2 {[%mdl 8192] [#]} (33. Nc6 $1 $11 {and White has nothing to worry.} Rdxc6 34. bxc6 Rxc6 35. Qd3 Bxa1 36. Rxa1) 33... Rd5 $1 $19 {[%cal Rd5g5] ...Rg5! is the strong threat.} 34. Rad1 $2 {[#]} (34. Qe2 Bxa1 35. Rxa1 Qxb5 36. Qf3) 34... Rg5 $1 {[%csl Gg5][%cal Rb7g2][%mdl 576] Discovered Attack} 35. g4 {[#]} (35. Re4 $142 Bxf2+ 36. Qxf2 Nxe4 37. Qe1 Rxb5 38. Rd4) 35... Nxg4 $1 {[%mdl 512] ( -> ...Ne3+!)} 36. hxg4 Rxg4+ {Black mates.} 37. Kf1 Qg2+ 38. Ke2 Qxf2+ 39. Kd3 Rg3+ {Accuracy: White = 27%, Black = 41%.} 0-1

[Event "Shanghai COITCT 2019"]
[Site "Shanghai"]
[Date "2019.09.18"]
[Round "9.9"]
[White "Murzin, Volodar"]
[Black "Kulkarni Bhakti"]
[Result "1-0"]
[WhiteElo "2433"]
[BlackElo "2429"]
[Annotator "TA"]
[PlyCount "111"]
[EventDate "2019.09.15"]
[EventType "team-tourn"]
[EventCountry "CHN"]
[SourceTitle "playchess.com"]
[Source "ChessBase"]
[SourceQuality "1"]

{[%evp 15,111,41,109,45,45,43,48,48,44,31,37,23,69,43,30,25,29,44,58,37,48,51,53,60,49,51,60,51,43,57,34,52,56,50,247,252,244,220,234,93,97,108,177,174,160,0,0,0,0,0,0,0,0,0,0,0,0,0,0,0,0,0,0,0,0,0,0,0,0,0,0,0,0,0,14,12,45,46,65,59,59,59,59,59,59,59,59,59,67,67,29984,66,66,66,29985,29986,29996,29997]} 1. e4 d5 2. exd5 Qxd5 3. Nc3 Qa5 4. d4 Nf6 5. Bd2 c6 6. Bc4 Bf5 7. Nd5 Qd8 8. Nxf6+ gxf6 ({Better is} 8... exf6 $14 9. Nf3 Qe7+ 10. Be2 Na6) 9. Ne2 {B01: Scandinavian Defence} (9. Nf3 $16) (9. Nf3 e6 10. O-O Nd7 11. Re1 Nb6 12. Bf1 Bg7 13. Nh4 Bg6 14. c3 O-O 15. g3 Rc8 16. a4 Re8 17. Qb3 Rc7 18. Bg2 Rd7 19. a5 Nd5 20. c4 Ne7 {½-½ (20) Gharamian,T (2660)-Bauer,C (2625) Germany 2016}) 9... e6 $14 10. c3 Nd7 11. Ng3 {White is slightly better.} Bg6 12. Qe2 Nb6 13. Bb3 Qc7 14. f4 $146 {Strongly threatening f5.} ({Predecessor:} 14. Nh5 Bxh5 15. Qxh5 O-O-O 16. Qf3 f5 {1-0 (33) Al Sayed,M (2463)-White,K (2035) Caleta 2005}) 14... O-O-O 15. O-O f5 16. h4 $1 {[%cal Rh4h5]} h5 $1 {[#]} 17. Bxe6+ $1 {[%mdl 512]} fxe6 18. Qxe6+ {[%mdl 64] Double Attack} Qd7 $1 {[%cal Rd7e6]} 19. Qxg6 Nc4 20. Rf2 ({Don't play} 20. Qxf5 Qxf5 21. Nxf5 Nxd2 $15) 20... Nd6 $1 21. Re1 Rh6 $1 {[%cal Rh6g6]} 22. Qg8 Bg7 23. Qb3 Bf6 24. Re6 {aiming for Rxd6!} Bxd4 $2 (24... Qh7 $14) 25. Rxh6 $18 Bxf2+ 26. Kxf2 Nf7 27. Rg6 ({And not} 27. Rxh5 Qxd2+ 28. Kg1 Qe3+ 29. Kh2 Rg8 $11) (27. Rf6 $1 $18 {[%cal Rf6f7] is the precise move to win.} Qxd2+ {[%mdl 64] Double Attack} 28. Kg1 Qe1+ 29. Kh2) 27... Qxd2+ $16 {[%mdl 64] Double Attack} 28. Kg1 Qxf4 {[#]} (28... Rd5 $16) 29. Qe6+ $1 $18 Kb8 {( -> ...Rd1+)} 30. Qxf5 $2 ({White has to play} 30. Qe7 $16) 30... Rd1+ $11 31. Kh2 Qxh4+ 32. Qh3 Qxh3+ 33. Kxh3 {[%mdl 4096] Endgame KRN-KRN} Ne5 34. Re6 Nd3 {And now ...Nf4+ would win.} 35. Nxh5 Rh1+ $1 36. Kg4 Nxb2 37. Nf4 Nd1 38. Kf5 Nxc3 39. g4 Nb5 {...Nd4+ is the strong threat.} ({Much worse is} 39... Nxa2 $6 40. g5 $16) 40. Kg6 Rh4 41. Kg5 Rh2 42. a4 Nd4 43. Re4 Nf3+ 44. Kf5 c5 45. g5 b5 46. axb5 Rb2 47. g6 {Black must now prevent g7.} Nh4+ 48. Ke6 {Threatening mate with g7.} Nxg6 $1 49. Nxg6 Rxb5 $14 {KRN-KR} 50. Kd5 Kc7 51. Ne5 a5 52. Nc4 {Threatens to win with Re7+.} Kd7 $2 {[%mdl 8192] [#]} (52... Rb1 $14) 53. Rh4 $2 (53. Rf4 $1 {mates} Rb3 54. Rf7+ Kd8 55. Kc6 Rd3 56. Nd6 Rxd6+ 57. Kxd6 Ke8 58. Ra7) 53... Rb4 54. Rh7+ Kd8 $2 {[%mdl 8192]} (54... Ke8 $14) 55. Nd6 Rb1 56. Kc6 {Accuracy: White = 73%, Black = 49%.} 1-0

[Event "Shanghai COITCT 2019"]
[Site "Shanghai"]
[Date "2019.09.18"]
[Round "9.10"]
[White "Xu, Zhihang"]
[Black "Idani, Pouya"]
[Result "0-1"]
[WhiteElo "2506"]
[BlackElo "2586"]
[Annotator "RC"]
[PlyCount "78"]
[EventDate "2019.09.15"]
[EventType "team-tourn"]
[EventCountry "CHN"]
[SourceTitle "playchess.com"]
[Source "ChessBase"]
[SourceQuality "1"]
[TimeControl "1500+10"]

1. c4 {[%emt 0:00:00]} e6 {[%emt 0:00:00]} 2. d4 {[%emt 0:00:00]} Nf6 {[%emt 0:00:00]} 3. Nc3 {[%emt 0:00:20]} Bb4 {[%emt 0:00:00]} 4. e3 {[%emt 0:00:02]} O-O {[%emt 0:00:08]} 5. Bd3 {[%emt 0:00:01]} d5 {[%emt 0:00:13]} 6. Nf3 {[%emt 0:00:02]} b6 {[%emt 0:00:34]} 7. O-O {[%emt 0:00:06]} Ba6 {[%emt 0:00:02]} 8. Qe2 {[%emt 0:02:32]} Nbd7 {[%emt 0:03:10]} 9. Bd2 {[%emt 0:00:37]} Qe7 {[%emt 0:03:04]} 10. Rfd1 {[%emt 0:01:05]} Rfe8 {[%emt 0:01:02]} 11. Rac1 {[%emt 0:00:27]} c6 {[%emt 0:03:05]} 12. b3 {[%emt 0:00:33]} Rad8 {[%emt 0:00:43]} 13. cxd5 {[%emt 0:03:47]} Bxd3 {[%emt 0:00:08]} 14. Qxd3 {[%emt 0:00:08]} exd5 {[%emt 0:00:06]} 15. Ne2 {[%emt 0:00:11]} Bxd2 {[%emt 0:01:12]} 16. Rxd2 {[%emt 0:00:01]} c5 {[%emt 0:00:10]} 17. dxc5 {[%emt 0:00:18]} Nxc5 {[%emt 0:00:02]} 18. Qd4 {[%emt 0:01:07]} h6 {[%emt 0:01:05]} 19. h3 {[%emt 0:00:23]} Qb7 {[%emt 0:00:22]} 20. Rdc2 {[%emt 0:00:37]} a5 {[%emt 0:00:16]} 21. Ng3 {[%emt 0:00:30]} Re6 {[%emt 0:01:16]} 22. Rd1 {[%emt 0:00:26]} Ree8 {[%emt 0:01:25]} 23. Nf5 {[%emt 0:00:41]} Qc6 {[%emt 0:01:22]} 24. Qf4 {[%emt 0:00:57]} Nfe4 {[%emt 0:01:24]} 25. N5d4 {[%emt 0:02:29]} Qd7 {[%emt 0:00:59]} 26. a3 {[%emt 0:01:51]} Rc8 {[%emt 0:00:34]} 27. Qf5 {[%emt 0:00:43]} Qb7 {[%emt 0:02:11]} 28. b4 {[%emt 0:00:18]} axb4 {[%emt 0:00:20]} 29. axb4 {[%emt 0:00:02]} Nd6 {[%emt 0:00:03]} 30. Qf4 {[%emt 0:00:58]} Nce4 {[%emt 0:00:01]} 31. Rdc1 {[%emt 0:00:36]} Rc4 {[%emt 0:00:19]} 32. b5 {[%emt 0:00:48]} Rec8 {[%emt 0:00:29]} 33. Nc6 {[%emt 0:00:42]} Rc5 {[%emt 0:01:17]} 34. Rxc5 {[%emt 0:00:21]} bxc5 {[%emt 0:00:03]} 35. Rxc5 {[%emt 0:00:23]} Re8 {[%emt 0:00:47]} 36. Rxd5 {[%emt 0:00:12]} Nxb5 {[%emt 0:00:02]} 37. Nfe5 {[%emt 0:00:26]} Nbc3 {[%emt 0:00:01]} 38. Qh4 {[%emt 0:02:14]} Nxd5 {[%emt 0:00:09]} 39. Qxe4 {[%emt 0:00:02]} Qxc6 {[%emt 0:00:01]} 0-1

[Event "Shanghai COITCT 2019"]
[Site "Shanghai"]
[Date "2019.09.18"]
[Round "9.11"]
[White "Darini, Pouria"]
[Black "Ma, Zhonghan"]
[Result "1/2-1/2"]
[WhiteElo "2428"]
[BlackElo "2485"]
[Annotator "TA"]
[PlyCount "83"]
[EventDate "2019.09.15"]
[EventType "team-tourn"]
[EventCountry "CHN"]
[SourceTitle "playchess.com"]
[Source "ChessBase"]
[SourceQuality "1"]

{[%evp 26,83,60,20,145,147,262,262,266,268,250,232,264,275,268,194,257,261,263,212,212,0,308,-170,-163,-208,-204,-190,-179,-176,-164,-157,-156,-166,0,0,0,0,0,0,0,-103,-102,-235,-143,-239,-143,-220,-56,-56,0,0,0,0,0,0,0,-56,0,-20]} 1. e4 e5 2. Nf3 Nf6 3. Nxe5 d6 4. Nf3 Nxe4 5. d4 d5 6. Bd3 Nc6 7. O-O Be7 8. Re1 Bg4 9. c3 f5 10. Nbd2 O-O 11. Qb3 Kh8 12. Qxb7 Rf6 13. Qb3 Rg6 14. Bb5 {And now Bxc6 would win.} Bh3 {C42: Petroff Defence: 3 Nxe5 and unusual White 3rd moves} (14... Rb8 $11 15. Qa4 Bh3) (14... Nxd2 15. Nxd2 Bd6 16. Nf1 Ne7 17. Bd3 Bf3 18. Ng3 Be4 19. Be2 Ng8 20. Bh5 Rb8 21. Qd1 Re6 22. Nxe4 dxe4 {½-½ (43) Prokopp,H (2428)-Korze,D (2441) ICCF email 2006}) 15. g3 $1 $16 a6 $146 (15... Na5 $16 16. Qa4 c6) ({Predecessor:} 15... Rb8 16. Bxc6 Rxb3 17. Ne5 Rb8 18. Nf7+ Kg8 19. Nxd8 Rxd8 20. Ba4 Ra6 21. Bb3 Kf8 22. Nf3 {1-0 (52) Gonzaga Grego,L (2039)-Korchut,A (2065) IECG email 2004}) 16. Bxc6 Rxc6 {White has a decisive advantage.} 17. Ne5 Rf6 18. Nxe4 fxe4 19. Bg5 Qg8 20. Qd1 Raf8 (20... Qe6 $142 21. Bxf6 Bxf6) 21. Qh5 $18 Be6 22. f4 Bd6 23. f5 $2 (23. Bxf6 $18 gxf6 24. Qh4) 23... Bxe5 $4 {[%mdl 8192]} (23... Bf7 $1 $11 {and Black is okay.} 24. Nxf7+ R6xf7) 24. Bxf6 $4 {[%mdl 8192]} (24. fxe6 $18 {was the only winning move.} Qxe6 25. dxe5) 24... Bf7 $19 25. Qxf7 Bxd4+ ({Resist} 25... Rxf7 26. Bxe5 Qb8 27. Rf1 $15) 26. Bxd4 Qxf7 27. Rf1 Qe7 28. b4 Qg5 29. Rf4 e3 $2 (29... Rxf5 $19 30. Rxf5 Qxf5) 30. Re1 $11 Rxf5 {[#]} 31. Rxe3 $1 {[%mdl 512] White threatens Re8+ and mate.} h5 32. Rxf5 Qxf5 {[%mdl 4096] Endgame KQ-KRB} 33. Re2 (33. Re7 $1 $11) 33... Kg8 34. Rf2 (34. a4 $17 {was worth a try.}) 34... Qe4 35. h4 {[#]} (35. a4 $17 {was called for.}) 35... Qe6 (35... a5 $1 $19 {[%mdl 512]} 36. bxa5 Qb1+ 37. Kg2 Qb5) 36. Kh2 {[#]} (36. a4 $17) 36... c6 $2 (36... a5 $1 $19 {[%mdl 512]} 37. a3 (37. bxa5 Qa6) 37... a4) 37. a4 $15 {[%cal Ba2a4,Ba4a5][%mdl 32] [#]} Qe4 ({Black should play} 37... a5 $1 $15 {[%mdl 512]} 38. bxa5 Qe7) 38. a5 $1 $11 Qe6 39. Kg2 Qe4+ 40. Kh2 Qe6 41. Kg1 (41. Kg2 $11) 41... Qe4 (41... Qh3 $5 {[%cal Rh3g3]} 42. Rf3 {[#]} g5 $1 {[%mdl 512]} 43. hxg5 h4 $17) 42. Kh2 {Accuracy: White = 37%, Black = 35%.} 1/2-1/2

[Event "Shanghai COITCT 2019"]
[Site "Shanghai"]
[Date "2019.09.18"]
[Round "9.12"]
[White "Mu, Ke"]
[Black "Gholami, Aryan"]
[Result "1/2-1/2"]
[WhiteElo "2414"]
[BlackElo "2542"]
[Annotator "TA"]
[PlyCount "81"]
[EventDate "2019.09.15"]
[EventType "team-tourn"]
[EventCountry "CHN"]
[SourceTitle "playchess.com"]
[Source "ChessBase"]
[SourceQuality "1"]

{[%evp 23,81,0,0,0,86,65,78,80,74,81,58,64,65,20,72,61,246,243,250,248,358,213,209,202,219,221,275,269,347,332,326,225,295,275,292,299,29986,391,423,425,441,443,447,397,414,401,391,443,1206,500,461,179,176,0,0,0,171,0,0,0]} 1. d4 Nf6 2. c4 e6 3. Nc3 Bb4 4. Qc2 b6 5. a3 Bxc3+ 6. Qxc3 Bb7 7. Nf3 d6 8. e3 O-O 9. Be2 Nbd7 10. O-O Ne4 11. Qc2 f5 12. b4 Rf6 13. d5 {White wants to play Nd4. E32: Nimzo-Indian: Classical (4 Qc2): 4...0-0} (13. Bb2 Rg6 14. d5 c5 15. bxc5 Ndxc5 16. Nd4 Qg5 17. g3 exd5 18. cxd5 Bxd5 19. Bc4 Bxc4 20. Qxc4+ Kh8 {½-½ (20) Leitao,R (2620)-Mareco,S (2644) Ponta Grossa 2017}) 13... exd5 (13... c5 $11 {remains equal.}) 14. cxd5 $16 Bxd5 15. Bb2 {White is better.} Rg6 16. Bc4 Bxc4 17. Qxc4+ Kh8 18. Qf7 Ng5 (18... Qe8 $11 {keeps the balance.} 19. Qxf5 Ndf6) 19. Qxf5 Qe7 $2 ({Black should play} 19... Nxf3+ $14 20. Qxf3 a5) 20. Nh4 $1 $18 {And now Qxg6! would win.} Rh6 21. Qd5 Qd8 {[#]} (21... c6 $142 22. Nf5 {[%mdl 64] Double Attack} (22. Qxc6 Rf8 $16) 22... cxd5 23. Nxe7 Ne4) 22. Nf5 $40 {[%mdl 128] Black is in trouble.} (22. Bxg7+ $142 $1 {[%mdl 512]} Kxg7 23. Nf5+ {[%mdl 64] Double Attack} Kg6 24. Nxh6) 22... Nf6 $146 ({Predecessor:} 22... Rg6) 23. Qc6 Rg6 24. Rac1 Rc8 25. Rfd1 Ne8 26. h4 Nf7 27. g3 Nh6 28. Rd5 Nxf5 29. Rxf5 {[%cal Rf5f8]} Qe7 $2 {[#]} (29... Nf6 $18 30. e4 Rh6) 30. Qf3 $2 (30. Qd7 $1 {[%mdl 512] mates} c5 (30... Qxd7 31. Rf8#) 31. Qxe7 Nf6 32. h5 Rh6 33. Bxf6 gxf6 34. Rxf6 Rg8 35. Rxh6) 30... Kg8 31. Rc4 {[%cal Bc1c4,Bc4f4,Bf4f6][%mdl 32] Threatens to win with Re4.} Re6 32. Rcf4 {Rf8+ would kill now.} Nf6 33. Bxf6 gxf6 34. Rxf6 Rxf6 35. Rxf6 {[%mdl 4096] Endgame Hoping for Qg4+. KQR-KQR} Rf8 (35... Re8 $142 36. Qg4+ Kh8) 36. Qg4+ (36. Rxf8+ $142 Qxf8 37. Qb7) 36... Kh8 37. Re6 $2 (37. Rxf8+ Qxf8 38. Qd7) 37... Qf7 38. Qd4+ Kg8 39. Qg4+ Kh8 {[#]} 40. Qd4+ $2 (40. Qf4 $1 $18) 40... Kg8 $11 41. Qg4+ {Accuracy: White = 55%, Black = 33%.} 1/2-1/2